[Event "Scarborough CC Howard Ridout"]
[Site "Toronto"]
[Date "2017.10.26"]
[Round "7.10"]
[White "Plotkin, Mark"]
[Black "Zhao, Yanchun"]
[Result "1-0"]
[WhiteElo "2343"]
[BlackElo "1827"]
[PlyCount "137"]
[EventDate "2017.09.14"]
[EventType "swiss"]
[EventRounds "7"]
[EventCountry "CAN"]
[SourceTitle "EXT 2022"]
[Source "ChessBase"]
[SourceDate "2021.10.06"]
[SourceVersion "1"]
[SourceVersionDate "2021.10.06"]
[SourceQuality "1"]

1. d4 Nf6 2. c4 g6 3. Nc3 d5 4. Nf3 Bg7 5. Qb3 c6 6. Bf4 0-0 7. e3 h6 8. h3 e6 9. Bd3 Nbd7 10. 0-0 dxc4 11. Bxc4 Nb6 12. Bd3 Nbd5 13. Bh2 Qb6 14. Nxd5 Nxd5 15. Ne5 Qxb3 16. axb3 Nb4 17. Be4 Nd5 18. Rfc1 Rd8 19. Nc4 Bd7 20. Na5 Bc8 21. Nc4 Bd7 22. Nd6 Bc8 23. Kf1 Bf8 24. Nc4 Bd7 25. Ne5 Be8 26. Nd3 b6 27. Ke2 Bd6 28. Bxd6 Rxd6 29. Ne5 a5 30. b4 Nxb4 31. Nc4 Rdd8 32. Nxb6 Ra6 33. Nc4 Rda8 34. Nd6 Nd5 35. Rc5 a4 36. Bd3 Rb6 37. Nc4 Rb4 38. Kd2 Nb6 39. Ra2 Rb8 40. Ne5 Nd7 41. Nxd7 Bxd7 42. Kc1 Ra8 43. Bc2 Kf8 44. Kd2 Rab8 45. Kc3 R4b5 46. Bxa4 Rxc5+ 47. dxc5 e5 48. b4 Ke7 49. Bb3 Rb7 50. Ra8 h5 51. h4 Rc7 52. Bc4 Bc8 53. Kb3 Be6 54. Bxe6 Kxe6 55. Kc4 Kf5 56. f3 f6 57. Ra2 g5 58. hxg5 fxg5 59. b5 cxb5+ 60. Kxb5 Rb7+ 61. Kc6 Rb3 62. e4+ Ke6 63. Kc7 Ke7 64. c6 Rd3 65. Rb2 g4 66. fxg4 hxg4 67. Kb7 Rd4 68. c7 Rd7 69. Kb8 1-0

[Event "Scarborough CC Howard Ridout"]
[Site "Toronto"]
[Date "2017.09.14"]
[Round "1.8"]
[White "Zhao, Yanchun"]
[Black "Ning, Eric"]
[Result "0-1"]
[WhiteElo "1827"]
[BlackElo "2024"]
[PlyCount "92"]
[EventDate "2017.09.14"]
[EventType "swiss"]
[EventRounds "7"]
[EventCountry "CAN"]
[SourceTitle "EXT 2022"]
[Source "ChessBase"]
[SourceDate "2021.10.06"]
[SourceVersion "1"]
[SourceVersionDate "2021.10.06"]
[SourceQuality "1"]

1. d4 Nf6 2. Nf3 g6 3. Nbd2 d5 4. e3 Bg7 5. Bd3 0-0 6. 0-0 Nbd7 7. c3 c5 8. Bc2 b5 9. a4 b4 10. cxb4 cxb4 11. a5 Ba6 12. Re1 Rc8 13. Nb3 Qc7 14. Bd3 Bc4 15. Qc2 Ne4 16. Nbd2 Bxd3 17. Qxd3 Ndf6 18. Ne5 Qc2 19. Nxe4 Nxe4 20. Re2 Qxc1+ 21. Qd1 Qxd1+ 22. Rxd1 Rc7 23. f3 Nd6 24. Nd3 Rb8 25. Nc5 Rb5 26. a6 e5 27. b3 exd4 28. exd4 h5 29. Kf1 Nf5 30. Nd3 Nxd4 31. Re8+ Kh7 32. Nf4 Rd7 33. Rd3 Ne6 34. Nxe6 fxe6 35. Rxe6 Rb6 36. Rde3 d4 37. R3e4 d3 38. Ke1 Bc3+ 39. Kd1 Rxe6 40. Rxe6 Kg7 41. h3 Kf7 42. Re3 Rd6 43. g4 d2 44. f4 Rxa6 45. Rd3 Ra1+ 46. Ke2 Re1+ 0-1

[Event "Scarborough CC Frost U1400"]
[Site "Toronto"]
[Date "2012.02.09"]
[Round "6"]
[White "Zhao, Yanchun"]
[Black "Lin, Benjamin1111"]
[Result "1-0"]
[WhiteElo "1285"]
[BlackElo "1286"]
[PlyCount "103"]
[EventDate "2012.01.05"]
[EventType "swiss"]
[EventRounds "6"]
[EventCountry "CAN"]
[SourceTitle "EXT 2022"]
[Source "ChessBase"]
[SourceDate "2021.10.06"]
[SourceVersion "1"]
[SourceVersionDate "2021.10.06"]
[SourceQuality "1"]

1. e4 c5 2. Nf3 Nc6 3. d4 cxd4 4. Nxd4 e5 5. Nb5 a6 6. Nd6+ Bxd6 7. Qxd6 Qe7 8. Qd1 h6 9. Nc3 Nf6 10. a3 0-0 11. Be3 d6 12. h3 Be6 13. Be2 Rac8 14. Nd5 Nxe4 15. Nxe7+ Nxe7 16. 0-0 d5 17. c3 Ng6 18. Bf3 Nf6 19. Qd2 Kh7 20. b4 Rc6 21. Bc5 Rfc8 22. Rfe1 b6 23. Be3 Rxc3 24. Rec1 R3c6 25. Rxc6 Rxc6 26. Rc1 Rd6 27. Qc2 Ne8 28. Be2 d4 29. Bd2 b5 30. Bd3 Bd5 31. Qc8 Nf6 32. Qc7 Ne8 33. Bxg6+ fxg6 34. Qe7 Re6 35. Qd7 Nf6 36. Qd8 Re8 37. Qd6 Re6 38. Qc7 Ne8 39. Qd8 Nf6 40. Rc8 Re8 41. Qc7 Re6 42. Qb8 g5 43. g4 Nd7 44. Rh8+ Kg6 45. Qd8 Nf6 46. Rf8 Bc4 47. Qa8 Kh7 48. Qf3 Bd5 49. Qf5+ g6 50. Rf7+ Kh8 51. Qxg6 Be4 52. Qg7# 1-0

[Event "Scarborough CC Falling Leaves U1400"]
[Site "Toronto"]
[Date "2011.11.10"]
[Round "2"]
[White "Zhao, Yanchun"]
[Black "Ming, Qing"]
[Result "1-0"]
[WhiteElo "1242"]
[BlackElo "1147"]
[PlyCount "59"]
[EventDate "2011.11.03"]
[EventType "swiss"]
[EventRounds "7"]
[EventCountry "CAN"]
[SourceTitle "EXT 2022"]
[Source "ChessBase"]
[SourceDate "2021.10.06"]
[SourceVersion "1"]
[SourceVersionDate "2021.10.06"]
[SourceQuality "1"]

1. e4 g6 2. d4 d6 3. Nf3 Bg7 4. Nc3 Nf6 5. Bc4 Nbd7 6. e5 Nh5 7. e6 fxe6 8. Bxe6 Nb6 9. Bb3 Bf5 10. Ng5 d5 11. g4 e5 12. gxf5 Bf6 13. Ne6 Qd7 14. dxe5 Bxe5 15. Qe2 Nc4 16. Bxc4 Bxc3+ 17. bxc3 dxc4 18. Bg5 Kf7 19. Qxc4 Rhe8 20. 0-0 Qd6 21. Nxc7+ Kg7 22. Nxa8 Rxa8 23. Rad1 Qe5 24. Rd7+ Kh8 25. Qf7 Qg7 26. Qxg7+ Nxg7 27. Bf6 Rg8 28. Re1 gxf5 29. Ree7 Rc8 30. Rxg7 1-0

[Event "Scarborough CC Spring Into Summer U1700"]
[Site "Toronto"]
[Date "2011.05.26"]
[Round "4"]
[White "Zhao, Yanchun"]
[Black "Feng, Richard"]
[Result "1-0"]
[WhiteElo "1148"]
[BlackElo "1021"]
[PlyCount "49"]
[EventDate "2011.04.28"]
[EventType "swiss"]
[EventRounds "9"]
[EventCountry "CAN"]
[SourceTitle "EXT 2022"]
[Source "ChessBase"]
[SourceDate "2021.10.06"]
[SourceVersion "1"]
[SourceVersionDate "2021.10.06"]
[SourceQuality "1"]

1. e4 c5 2. Nf3 Nc6 3. d4 cxd4 4. Nxd4 d6 5. Nc3 e5 6. Nf3 f5 7. Bb5 Nge7 8. 0-0 Ng6 9. exf5 Bxf5 10. Nd5 a6 11. Ba4 b5 12. Bb3 Be7 13. Re1 e4 14. Nd4 Nxd4 15. Qxd4 Be6 16. Qxg7 Bxd5 17. Bxd5 Bf6 18. Rxe4+ Ne5 19. Rxe5+ dxe5 20. Bf7+ Kd7 21. Qg4+ Ke7 22. Qe6+ Kf8 23. Bh6+ Bg7 24. Bh5 Qf6 25. Qxf6+ 1-0

[Event "Scarborough CC Spring Into Summer U1700"]
[Site "Toronto"]
[Date "2011.05.12"]
[Round "2"]
[White "Zhao, Yanchun"]
[Black "Tismenko, Dennis"]
[Result "0-1"]
[WhiteElo "1148"]
[BlackElo "1448"]
[PlyCount "114"]
[EventDate "2011.04.28"]
[EventType "swiss"]
[EventRounds "9"]
[EventCountry "CAN"]
[SourceTitle "EXT 2022"]
[Source "ChessBase"]
[SourceDate "2021.10.06"]
[SourceVersion "1"]
[SourceVersionDate "2021.10.06"]
[SourceQuality "1"]

1. e4 c5 2. c3 Nc6 3. Nf3 d6 4. d4 cxd4 5. cxd4 e6 6. Nc3 Nf6 7. Bd3 g6 8. Bg5 h6 9. Bh4 g5 10. Bg3 Nh5 11. d5 Nxg3 12. hxg3 exd5 13. exd5 Qe7+ 14. Qe2 Qxe2+ 15. Bxe2 Ne5 16. Bb5+ Bd7 17. Nxe5 dxe5 18. Bxd7+ Kxd7 19. a3 Bc5 20. Ne4 Bd4 21. Rb1 f5 22. Nc3 Kd6 23. Rd1 a6 24. Rf1 Rac8 25. f4 Bxc3+ 26. bxc3 Rxc3 27. fxg5 hxg5 28. Rxf5 Rxg3 29. Kf2 Rg4 30. Rf6+ Kc5 31. d6 Rf4+ 32. Rxf4 gxf4 33. d7 Rd8 34. Kf3 Kc6 35. Ke4 Rxd7 36. Rxd7 Kxd7 37. Kxe5 b5 38. Kxf4 Ke6 39. Ke4 a5 40. Kd4 b4 41. a4 Kf5 42. Kc4 Kg4 43. Kb3 Kg3 44. Kb2 Kxg2 45. Kb3 Kf3 46. Kc4 Ke4 47. Kb3 Kd3 48. Kb2 Kc4 49. Kc2 b3+ 50. Kb2 Kb4 51. Kb1 Kxa4 52. Kb2 Kb4 53. Kb1 Kc3 54. Kc1 b2+ 55. Kb1 a4 56. Ka2 Kc2 57. Ka3 b1Q 0-1